000 00286nam a22001217a 4500
003 SGT
082 _a421.52,SAS
100 _aSASIKUMAR,V
245 _aSPOKEN ENGLISH: A SELF-LEARNING GUIDE TO CONVERSATION PRACTICE
250 _a1ST
260 _aNEW DELHI
_bTMH
_c2008
942 _2ddc
_cCD
999 _c10773
_d10773